000
00248 a2200097 4500
001
64086
090
_c
37855
_d
37855
100
_a
Shahrukh Rafi Khan
245
_a
Pakistan under musharraf (1999-2002):Economic Reform and Political change
260
_b
Vanguard
942
_a
NUST-CAE
999
_c
299159
_d
299159